| 000 | 02058nam a22003853i 4500 | ||
|---|---|---|---|
| 001 | EBC31606730 | ||
| 003 | MiAaPQ | ||
| 005 | 20260505130903.0 | ||
| 007 | cr cnu|||||||| | ||
| 008 | 260505s2024 xx o ||||0 ger d | ||
| 020 |
_a9783863936570 _q(electronic bk.) |
||
| 020 | _z9783863931766 | ||
| 040 |
_aMiAaPQ _beng _cMiAaPQ |
||
| 100 | 1 |
_aAugsberg, Steffen. _969097 |
|
| 245 | 1 | 0 |
_aVerfassungspatriotismus : _bKonzept, Kritik, Künftige Relevanz. |
| 250 | _a1st ed. | ||
| 264 | 1 |
_aHamburg : _bCEP Europäische Verlagsanstalt GmbH, _c2024. |
|
| 264 | 4 | _c{copy}2024. | |
| 300 | _a1 online resource (232 pages) | ||
| 336 |
_aText _btxt _2rdacontent |
||
| 337 |
_aComputermedien _bc _2rdamedia |
||
| 338 |
_aOnline Resource _bcr _2rdacarrier |
||
| 500 | _aE-Book-ProQuest / Fernzugriff nach Registrierung möglich | ||
| 653 | _aPatriotism. | ||
| 653 | _aConstitutional law. | ||
| 655 |
_aFernzugriff _9230 |
||
| 655 | 4 | _aElectronic books. | |
| 520 |
_aThe book explores the concepts of patriotism and constitutional law, focusing on the German Grundgesetz and its role in shaping national identity. It examines the evolution of patriotism through the perspectives of Dolf Sternberger and Jürgen Habermas, highlighting how traditional ideas have been adapted to fit modern societal needs. The text delves into the interplay between legal frameworks and national identity, discussing the integration of Germany into European and Western contexts. The book is intended for scholars and students interested in political theory, constitutional law, and German history, aiming to provide insights into the relationship between law and identity. _7Generated by AI. |
||
| 650 | 0 | _7Generated by AI. | |
| 650 | 0 | _7Generated by AI. | |
| 776 | 0 | 8 |
_iPrint version: _aAugsberg, Steffen _tVerfassungspatriotismus _dHamburg : CEP Europäische Verlagsanstalt GmbH,c2024 _z9783863931766 |
| 856 | 4 | 0 |
_uhttps://ebookcentral.proquest.com/lib/maxweberstiftung-ebooks/detail.action?docID=31606730 _zVolltext |
| 942 | _cEB | ||
| 999 |
_c74119 _d74119 |
||